000 00674nam a2200217 4500
001 110373
003 ES-MaACL
007 t|
008 061121s1971 mx r ||||1| spa d
100 1 _aOdeneal, William T.
_986522
245 1 0 _aVolibol /
_cWilliam T. Odeneal, Harry E. Wilson, Mary Frances Kellam.
250 _a1ª. ed.
260 _aMéxico :
_bOctavio Colmenares,
_c1971.
300 _a78 p. :
_bil. ;
_c20 cm.
700 1 _aWilson, Harry E.
_9117031
700 1 _aKellam, Mary Frances.
_967748
852 _aES-MaACL
_jE-9268
_bR.93718
852 _aES-MaACL
_jE-9269
_bR.93719
852 _aES-MaACL
_jE-9270
_bR.93720
852 _aES-MaACL
_jE-9271
_bR.93721
999 _c110373
_d110373